000 00564nam a2200181Ia 4500
008 090630s9999 xx 000 0 und d
082 _b28931
100 _aखटावकर सुरेश.
245 _aदेवराई.
_cखटावकर सुरेश.
260 _bस्पंदन - लांजा.
300 _a127
600 _aखटावकर सुरेश.
630 _aदेवराई.
655 _aलघुकथा.
700 _aखटावकर सुरेश.
730 _aदेवराई.
942 _cBOOK
999 _c280787
_d280787